| 000 | 01038cam a2200301 a 4500 | ||
|---|---|---|---|
| 001 | 1133472 | ||
| 003 | OSt | ||
| 005 | 20140310184324.0 | ||
| 008 | 940622s1993 at j 000 1 eng | ||
| 010 | _a 94174735 | ||
| 020 | _a0439385652 | ||
| 040 |
_aDLC _cDLC |
||
| 042 | _alcac | ||
| 050 | 0 | 0 |
_aPZ 7 _b.R5996 2002 |
| 100 | 1 |
_aRodda, Emily. _920594 |
|
| 245 | 1 | 0 |
_aRowan of Rin / _cEmily Rodda. |
| 260 |
_aNorwood, S.A. : _bscholastic, _c2002. |
||
| 300 |
_a151 p. : _c19 cm. |
||
| 520 | _a Because only he can read the magical map, young, weak, and timid Rowan joins six other villagers to climb a mountain and try to restore their water supply, as fears of a dragon and other horrors threaten to drive them back. | ||
| 521 | _aG4 | ||
| 526 | _c660 | ||
| 650 | 1 |
_aHeroes _vFiction. _923683 |
|
| 650 | 1 |
_aFantasy. _93293 |
|
| 906 |
_a7 _bcbc _corignew _d2 _encip _f19 _gy-gencatlg |
||
| 942 |
_2lcc _cBK-SCHOLAS |
||
| 999 |
_c33616 _d33616 |
||